000 00206 a2200097 4500
001 30629
100 _aMilne
245 _aModern Speech Training
260 _a
_bMacmillan and co
_c
090 _c20567
_d20567
942 _aNUST-CAE
_cM
_c11744
999 _c265702
_d265702